| 000 | 00361 a2200157 4500 | ||
|---|---|---|---|
| 001 | 151479 | ||
| 040 | _cEscola São Tomás de Aquino | ||
| 100 | _aFERNANDEZ, Vicente Paz | ||
| 240 | 1 | 0 |
_aEnsinando a tartaruga _lpor |
| 245 | 1 | 0 | _aEnsinando a tartaruga |
| 300 | _a48 | ||
| 362 | 0 | _a1991 | |
| 440 | 1 | _aScipione | |
| 697 | _a*LITERATURA INFANTO | ||
| 942 | _cBK | ||
| 999 |
_c151479 _d151479 |
||